000 00721 a2200217 4500
999 _c7029
_d7029
020 _a9788120345041
050 _aHD38.5 AIL 2013
100 _aAilawadi, Satish C.
_eauthor
245 _aLogistics management /
_cSatish C. Ailawadi and Rakesh P. Singh
250 _aSecond edition
264 _aDelhi :
_bPHI Learning Private Ltd,
_c2013
300 _axix, 196p. :
_bill.
500 _aIncludes bibliographical references and index
650 _aBusiness logistics
650 _aBusiness planning
650 _aManagement
650 _aBusiness logistics
_xManagement
650 _aPhysical distribution of goods
_xManagement
700 _aSingh, Rakesh P.
_eauthor
942 _2lcc
_cBK
_eSecond edition
_h38.5
_iAIL
_kHD